[Event "FRA-chT2S 0203"]
[Site "France"]
[Date "2003.??.??"]
[Round "6.8"]
[White "Besga, Samuel"]
[Black "Couche, Jean Francois"]
[Result "1/2-1/2"]
[WhiteElo "2000"]
[BlackElo "2131"]
[PlyCount "130"]
[EventDate "2002.10.??"]
[EventType "team"]
[EventRounds "11"]
[EventCountry "FRA"]
[SourceTitle "EXT 2004"]
[Source "ChessBase"]
[SourceDate "2003.11.25"]
[SourceVersion "1"]
[SourceVersionDate "2003.11.25"]
[SourceQuality "1"]
[WhiteTeam "AECE"]
[BlackTeam "Cappelle la Grande"]
[WhiteTeamCountry "FRA"]
[BlackTeamCountry "FRA"]

1. c4 c6 2. Nf3 d5 3. e3 Nf6 4. b3 Bg4 5. Bb2 e6 6. h3 Bh5 7. Be2 Nbd7 8. 0-0 Bd6 9. d4 0-0 10. Nbd2 Rc8 11. Ne5 Bxe2 12. Qxe2 Bb8 13. Rfd1 Qe7 14. Rac1 Rfd8 15. Qf3 Nf8 16. e4 Ng6 17. exd5 exd5 18. Re1 Qd6 19. Qf5 Re8 20. cxd5 Qxd5 21. Rc5 Qe6 22. Qxe6 Rxe6 23. Ndf3 Rce8 24. Rcc1 h6 25. Nxg6 Rxe1+ 26. Rxe1 Rxe1+ 27. Nxe1 fxg6 28. Nd3 Nd5 29. Nc5 b6 30. Nd7 Bd6 31. Ne5 Bxe5 32. dxe5 Kf7 33. g3 Ke6 34. a3 c5 35. Kg2 b5 36. Kf3 c4 37. bxc4 bxc4 38. Ke4 c3 39. Bc1 g5 40. f4 gxf4 41. gxf4 g6 42. Kd4 a6 43. Kc4 h5 44. Kd4 c2 45. Kd3 Ne7 46. Kxc2 Kd5 47. Kd3 Nf5 48. Be3 Ne7 49. Bb6 Nc6 50. Ke3 Ne7 51. Kd3 Nc6 52. Kc3 Ne7 53. Bd8 Nc6 54. Bg5 Nd4 55. Kb4 Nc6+ 56. Ka4 Ke6 57. Kb3 Kd5 58. Kc3 Nd4 59. Kd3 Nc6 60. Bh4 Nd4 61. Bf2 Nc6 62. Bb6 Ne7 63. Ba5 Nc6 64. Bb4 Nd4 65. Ke3 Nf5+ 1/2-1/2

[Event "FRA-chT2S 0203"]
[Site "France"]
[Date "2003.??.??"]
[Round "5.8"]
[White "Frih, Ameur"]
[Black "Besga, Samuel"]
[Result "1-0"]
[WhiteElo "2148"]
[BlackElo "2000"]
[PlyCount "75"]
[EventDate "2002.10.??"]
[EventType "team"]
[EventRounds "11"]
[EventCountry "FRA"]
[SourceTitle "EXT 2004"]
[Source "ChessBase"]
[SourceDate "2003.11.25"]
[SourceVersion "1"]
[SourceVersionDate "2003.11.25"]
[SourceQuality "1"]
[WhiteTeam "Bois Colombes"]
[BlackTeam "AECE"]
[WhiteTeamCountry "FRA"]
[BlackTeamCountry "FRA"]

1. d4 d5 2. c4 c6 3. Nc3 e6 4. cxd5 cxd5 5. Nf3 Nf6 6. Bg5 Be7 7. Rc1 Nc6 8. e3 0-0 9. Bd3 h6 10. Bh4 Bd7 11. 0-0 Rc8 12. Ne5 Nxe5 13. dxe5 Ne4 14. Bxe7 Nxc3 15. Bxd8 Nxd1 16. Rxc8 Bxc8 17. Be7 Re8 18. Ba3 Nxe3 19. fxe3 Bd7 20. Rc1 Bc6 21. Bc5 a6 22. Bb6 Rc8 23. b4 f6 24. b5 Bd7 25. Rxc8+ Bxc8 26. Bg6 axb5 27. Kf2 fxe5 28. Bc7 e4 29. Bd6 e5 30. Bxe5 Be6 31. h4 Bf7 32. h5 d4 33. Bxf7+ Kxf7 34. exd4 g6 35. hxg6+ Kxg6 36. d5 Kf5 37. d6 Ke6 38. Ke3 1-0